[Event "Odessa Region-ch op"]
[Site "Odessa"]
[Date "2018.06.29"]
[Round "10"]
[White "Tesla, Vladimir"]
[Black "Bogdanovich, Stanislav"]
[Result "0-1"]
[WhiteElo "2297"]
[BlackElo "2528"]
[PlyCount "62"]
[EventDate "2018.06.20"]
[EventType "tourn"]
[EventRounds "11"]
[EventCountry "UKR"]
[EventCategory "7"]
[SourceTitle "CBM 185 Extra"]
[Source "ChessBase"]
[SourceDate "2018.07.29"]
[SourceVersion "1"]
[SourceVersionDate "2018.07.29"]
[SourceQuality "1"]

1. e4 e5 2. Nf3 Nc6 3. Bc4 Bc5 4. 0-0 Nf6 5. d3 d6 6. c3 a6 7. Bb3 h6 8. Re1 0-0 9. h3 Re8 10. Nbd2 Be6 11. Bc2 Ba7 12. Nf1 d5 13. Qe2 b5 14. Ne3 d4 15. Nf5 Bxf5 16. exf5 Qd7 17. Nh4 Rad8 18. Rd1 dxc3 19. bxc3 b4 20. Bb2 bxc3 21. Bxc3 Bd4 22. Qd2 Nd5 23. Bxd4 Nxd4 24. Bb3 Qe7 25. g3 Nc3 26. Ng6 Qf6 27. Nh4 Nxd1 28. Bxd1 e4 29. Rc1 Qg5 30. Qc3 e3 31. fxe3 Rxe3 0-1

[Event "Odessa Region-ch op"]
[Site "Odessa"]
[Date "2018.06.28"]
[Round "9"]
[White "Golubev, Mikhail"]
[Black "Tesla, Vladimir"]
[Result "1-0"]
[WhiteElo "2476"]
[BlackElo "2297"]
[PlyCount "68"]
[EventDate "2018.06.20"]
[EventType "tourn"]
[EventRounds "11"]
[EventCountry "UKR"]
[EventCategory "7"]
[SourceTitle "CBM 185 Extra"]
[Source "ChessBase"]
[SourceDate "2018.07.29"]
[SourceVersion "1"]
[SourceVersionDate "2018.07.29"]
[SourceQuality "1"]

1. e4 c5 2. Nf3 Nc6 3. d4 cxd4 4. Nxd4 g6 5. Nc3 Bg7 6. Be3 Nf6 7. Bc4 0-0 8. Bb3 d6 9. f3 Bd7 10. h4 Na5 11. h5 Nxh5 12. g4 Nf6 13. Qd2 Nxb3 14. axb3 Re8 15. 0-0-0 Rc8 16. Nd5 e6 17. Nxf6+ Qxf6 18. Qh2 e5 19. Nf5 gxf5 20. Qxh7+ Kf8 21. gxf5 Ke7 22. Rhg1 Rh8 23. Qxg7 Qxg7 24. Rxg7 Rh2 25. c3 Be8 26. f4 Bc6 27. fxe5 Bxe4 28. exd6+ Kf8 29. Rdg1 Ke8 30. Re1 Rc2+ 31. Kd1 Kf8 32. Bh6 Rh2 33. Rg6+ Rxh6 34. Rxh6 Kg7 1-0

[Event "Odessa Podgaets Memorial"]
[Site "Odessa"]
[Date "2010.11.26"]
[Round "7"]
[White "Tesla, Vladimir"]
[Black "Gorbunov, Igor"]
[Result "1/2-1/2"]
[WhiteElo "2293"]
[BlackElo "2250"]
[PlyCount "60"]
[EventDate "2010.11.20"]
[EventType "tourn"]
[EventRounds "11"]
[EventCountry "UKR"]
[EventCategory "4"]
[SourceTitle "CBM 139 Extra"]
[Source "ChessBase"]
[SourceDate "2011.01.05"]
[SourceVersion "1"]
[SourceVersionDate "2011.01.05"]
[SourceQuality "1"]

1. e4 c5 2. Nf3 e6 3. d4 cxd4 4. Nxd4 a6 5. Nc3 b5 6. g3 Bb7 7. Bg2 Nf6 8. Qe2 Nc6 9. Nxc6 Bxc6 10. 0-0 b4 11. Nd5 Nxd5 12. exd5 Bb5 13. Qf3 Bxf1 14. dxe6 fxe6 15. Qxa8 Qxa8 16. Bxa8 Bb5 17. Be4 Bc5 18. Bd2 0-0 19. Be1 d5 20. Bg2 Bd4 21. c3 bxc3 22. bxc3 Bc5 23. Rb1 Ba7 24. Bh3 Re8 25. Bf1 Rb8 26. Rb3 Kf7 27. Ra3 Bc5 28. Ra5 Bb6 29. Ra3 Bc5 30. Ra5 Bb6 1/2-1/2

[Event "Odessa Podgaets Memorial"]
[Site "Odessa"]
[Date "2010.11.24"]
[Round "5"]
[White "Tesla, Vladimir"]
[Black "Demidiukov, Evgeniy"]
[Result "1-0"]
[WhiteElo "2293"]
[BlackElo "2327"]
[PlyCount "71"]
[EventDate "2010.11.20"]
[EventType "tourn"]
[EventRounds "11"]
[EventCountry "UKR"]
[EventCategory "4"]
[SourceTitle "CBM 139 Extra"]
[Source "ChessBase"]
[SourceDate "2011.01.05"]
[SourceVersion "1"]
[SourceVersionDate "2011.01.05"]
[SourceQuality "1"]

1. e4 e5 2. Nf3 Nc6 3. Bc4 Bc5 4. 0-0 Nf6 5. d3 d6 6. c3 Bb6 7. Re1 0-0 8. Nbd2 h6 9. Nf1 Re8 10. Bb3 Be6 11. Bc2 d5 12. h3 a5 13. Qe2 Nd7 14. Ng3 d4 15. Ba4 Bc5 16. Bxc6 bxc6 17. cxd4 Bxd4 18. Nxd4 exd4 19. Bf4 c5 20. Rec1 Rb8 21. Rc2 Rb6 22. Nh5 f5 23. Qf3 Qe7 24. exf5 Bxf5 25. Bxc7 Bg6 26. Bxb6 Nxb6 27. Nf4 Bf7 28. Re2 Qd7 29. Rxe8+ Qxe8 30. Rc1 Qb5 31. b3 a4 32. bxa4 Nxa4 33. Qa8+ Kh7 34. Qa7 Qe8 35. Rb1 Kg8 36. Rb8 1-0

[Event "Regionalliga NO 0001"]
[Site "Bayern"]
[Date "2001.03.11"]
[Round "7"]
[White "Hlavac, Rudolf"]
[Black "Tesla, Vladimir"]
[Result "1/2-1/2"]
[WhiteElo "2100"]
[BlackElo "2180"]
[PlyCount "88"]
[EventDate "2000.10.15"]
[EventType "team-tourn"]
[EventRounds "9"]
[EventCountry "GER"]
[SourceTitle "EXT 2020"]
[Source "ChessBase"]
[SourceDate "2019.10.17"]
[SourceVersion "1"]
[SourceVersionDate "2019.10.17"]
[SourceQuality "1"]
[WhiteTeam "Weiden"]
[BlackTeam "Postbauer"]
[WhiteTeamCountry "GER"]
[BlackTeamCountry "GER"]

1. e4 c5 2. Nf3 Nc6 3. d4 cxd4 4. Nxd4 g6 5. c4 Bh6 6. Nc3 Bxc1 7. Rxc1 Nf6 8. Be2 d6 9. 0-0 0-0 10. Kh1 Bd7 11. b3 Nxd4 12. Qxd4 Bc6 13. Nd5 Nd7 14. f4 a5 15. Rcd1 Bxd5 16. Qxd5 Nf6 17. Qd4 Qc7 18. e5 dxe5 19. fxe5 Rad8 20. Qe3 Rxd1 21. Rxd1 Ne8 22. e6 Nf6 23. exf7+ Kxf7 24. c5 Rc8 25. Bc4+ Kg7 26. Re1 e5 27. Qxe5 Qxe5 28. Rxe5 Kf8 29. c6 Rxc6 30. Rxa5 Ke7 31. Re5+ Kd6 32. Re6+ Kc5 33. Rxc6+ Kxc6 34. a3 Kc5 35. h4 h6 36. Kg1 g5 37. g3 Kd4 38. Kf2 Ne4+ 39. Kf3 Nd2+ 40. Kg4 Nxc4 41. bxc4 gxh4 42. Kxh4 Kxc4 43. Kh5 Kb3 44. Kxh6 Kxa3 1/2-1/2

[Event "Regionalliga NO 0001"]
[Site "Bayern"]
[Date "2001.02.18"]
[Round "6.1"]
[White "Gross, Stefan"]
[Black "Tesla, Vladimir"]
[Result "0-1"]
[WhiteElo "2390"]
[BlackElo "2180"]
[PlyCount "82"]
[EventDate "2000.10.15"]
[EventType "team-tourn"]
[EventRounds "9"]
[EventCountry "GER"]
[SourceTitle "EXT 2020"]
[Source "ChessBase"]
[SourceDate "2019.10.17"]
[SourceVersion "1"]
[SourceVersionDate "2019.10.17"]
[SourceQuality "1"]
[WhiteTeam "Cham"]
[BlackTeam "Postbauer"]
[WhiteTeamCountry "GER"]
[BlackTeamCountry "GER"]

1. e4 c5 2. Nf3 Nc6 3. d4 cxd4 4. Nxd4 g6 5. c4 Bh6 6. Bxh6 Nxh6 7. Nc3 0-0 8. Be2 d6 9. 0-0 Nxd4 10. Qxd4 Be6 11. Nd5 Bxd5 12. Qxd5 Qc7 13. Rac1 b6 14. Kh1 Kg7 15. f4 f6 16. Bf3 Nf7 17. Bg4 a5 18. Be6 Ra7 19. Rc3 Nd8 20. Bg4 Nc6 21. Be6 Nd8 22. Rb3 Nxe6 23. Qxe6 Rc8 24. Rc1 Qc5 25. h3 Rc6 26. Rcc3 Rac7 27. Rc2 Qd4 28. Rbc3 Qd1+ 29. Kh2 Qf1 30. Rf3 Qb1 31. Rcf2 Qxa2 32. b3 Qa1 33. h4 Rc5 34. Rh3 a4 35. bxa4 Qxa4 36. h5 Qxc4 37. h6+ Kf8 38. Qg4 Qxe4 39. Ra2 Ra5 40. Rxa5 bxa5 41. Rb3 Rc5 0-1

[Event "Miercurea Ciuc op"]
[Site "Miercurea Ciuc"]
[Date "1998.??.??"]
[Round "5"]
[White "Ardelean, George Catalin"]
[Black "Tesla, Vladimir"]
[Result "1/2-1/2"]
[WhiteElo "2295"]
[BlackElo "2270"]
[PlyCount "43"]
[EventDate "1998.08.??"]
[EventType "swiss"]
[EventRounds "9"]
[EventCountry "ROU"]
[SourceTitle "EXT 2000"]
[Source "ChessBase"]
[SourceDate "1999.11.16"]
[SourceVersion "1"]
[SourceVersionDate "1999.11.16"]
[SourceQuality "1"]

1. e4 c5 2. Nf3 Nc6 3. d4 cxd4 4. Nxd4 g6 5. Nc3 Bg7 6. Be3 Nf6 7. Bc4 0-0 8. Bb3 d6 9. f3 Bd7 10. Qd2 Nxd4 11. Bxd4 b5 12. h4 a5 13. a4 bxa4 14. Nxa4 e5 15. Bb6 Qb8 16. Be3 Be6 17. Nb6 Ra6 18. Nd5 Bxd5 19. exd5 e4 20. fxe4 Re8 21. Qd3 Ra8 22. Ra4 1/2-1/2

[Event "Miercurea Ciuc op"]
[Site "Miercurea Ciuc"]
[Date "1998.??.??"]
[Round "9"]
[White "Hamdouchi, Adina Maria"]
[Black "Tesla, Vladimir"]
[Result "1-0"]
[WhiteElo "2130"]
[BlackElo "2270"]
[PlyCount "115"]
[EventDate "1998.08.??"]
[EventType "swiss"]
[EventRounds "9"]
[EventCountry "ROU"]
[SourceTitle "EXT 2000"]
[Source "ChessBase"]
[SourceDate "1999.11.16"]
[SourceVersion "1"]
[SourceVersionDate "1999.11.16"]
[SourceQuality "1"]

1. d4 Nf6 2. Nf3 g6 3. Bg5 Bg7 4. Nbd2 d5 5. e3 0-0 6. Bd3 Nbd7 7. 0-0 c6 8. c3 Re8 9. e4 dxe4 10. Nxe4 Nxe4 11. Bxe4 Qb6 12. Qc2 Nf6 13. Bd3 Be6 14. Rfe1 c5 15. dxc5 Qxc5 16. Be3 Qc7 17. Bd4 Bd5 18. Be5 Qd7 19. Nd4 a6 20. Rad1 b5 21. f4 Rac8 22. f5 Qb7 23. fxg6 hxg6 24. Bxg6 fxg6 25. Qxg6 Be4 26. Rxe4 Qxe4 27. Nf5 Qxf5 28. Qxf5 Rc6 29. Qg6 Rec8 30. g4 Re6 31. Qf5 Rec6 32. g5 Ne8 33. Rf1 Bxe5 34. Qf8+ Kh7 35. Qf5+ Kg8 36. Qxe5 Ng7 37. Qf4 Rg6 38. Qf7+ Kh7 39. h4 Rc4 40. Rf4 Rxf4 41. Qxf4 Re6 42. Qf7 Re4 43. Qf2 Rg4+ 44. Kh2 Kg6 45. Kh3 Rc4 46. Qb6+ e6 47. Qxa6 Kh5 48. Qxb5 Rxh4+ 49. Kg2 Rg4+ 50. Kf2 Rxg5 51. Qe2+ Kg6 52. Qe4+ Kf6 53. Qd4+ e5 54. Qd8+ Kf5 55. a4 e4 56. a5 Kf4 57. Qd2+ Kf5 58. a6 1-0